000 01085nam0a2200289 4500
001 RU\NLR\bibl\918746
005 20260406073511.0
010 _a5-9731-0031-6
_930000
021 _aRU
_b2005-87407
_94327
035 _a(NLR Aleph) 000907036
090 _a22096
_c22096
100 _a20060321d2006 |||y0rusy50 ca
101 0 _arus
102 _aRU
105 _ay |||||||||
200 1 _aЗолотой ус. 110 новых рецептов
_fПокровский Б.
210 _aМосква
_cЛада
_cАСС-Центр
_d2006
215 _a60,[1] с.
_d20
225 1 _aАзбука здоровья
606 1 _aКаллизия душистая
_xЛечебное применение
_92346465
_3RU\NLR\auth\661402194
686 _aР282.111 Каллизия душистая
700 1 _4070
_8rus
_7ca
_aПокровский
_bБ. Н.
_cспециалист по народной медицине
_gБорис Николаевич
_3RU\NLR\auth\7732243
_915252
801 0 _aRU
_bNLR
_c20060321
_grcr
801 1 _aRU
_bNLR
_c20060321
942 _cBOOK
980 _aNB